<?xml version="1.0" encoding="UTF-8"?><?xml-stylesheet type="text/xsl" href="static/style.xsl"?><OAI-PMH xmlns="http://www.openarchives.org/OAI/2.0/" xmlns:xsi="http://www.w3.org/2001/XMLSchema-instance" xsi:schemaLocation="http://www.openarchives.org/OAI/2.0/ http://www.openarchives.org/OAI/2.0/OAI-PMH.xsd"><responseDate>2026-04-17T07:59:56Z</responseDate><request verb="GetRecord" identifier="oai:riubu.ubu.es:10259/4754" metadataPrefix="marc">https://riubu.ubu.es/oai/request</request><GetRecord><record><header><identifier>oai:riubu.ubu.es:10259/4754</identifier><datestamp>2024-05-14T10:31:09Z</datestamp><setSpec>com_10259_4393</setSpec><setSpec>com_10259_5086</setSpec><setSpec>com_10259_2604</setSpec><setSpec>col_10259_4394</setSpec></header><metadata><record xmlns="http://www.loc.gov/MARC21/slim" xmlns:doc="http://www.lyncode.com/xoai" xmlns:xsi="http://www.w3.org/2001/XMLSchema-instance" xmlns:dcterms="http://purl.org/dc/terms/" xsi:schemaLocation="http://www.loc.gov/MARC21/slim http://www.loc.gov/standards/marcxml/schema/MARC21slim.xsd">
<leader>00925njm 22002777a 4500</leader>
<datafield tag="042" ind1=" " ind2=" ">
<subfield code="a">dc</subfield>
</datafield>
<datafield tag="720" ind1=" " ind2=" ">
<subfield code="a">Diez Mediavilla, Montserrat</subfield>
<subfield code="e">author</subfield>
</datafield>
<datafield tag="720" ind1=" " ind2=" ">
<subfield code="a">Alonso Tristán, Cristina</subfield>
<subfield code="e">author</subfield>
</datafield>
<datafield tag="720" ind1=" " ind2=" ">
<subfield code="a">Rodríguez Amigo, María del Carmen</subfield>
<subfield code="e">author</subfield>
</datafield>
<datafield tag="720" ind1=" " ind2=" ">
<subfield code="a">García Calderón, Teófilo</subfield>
<subfield code="e">author</subfield>
</datafield>
<datafield tag="260" ind1=" " ind2=" ">
<subfield code="c">2010-05</subfield>
</datafield>
<datafield tag="520" ind1=" " ind2=" ">
<subfield code="a">The implementation process of a photovoltaic system and its connection to the national grid in Spain is examined from an economic, an administrative and a legal standpoint. In the first place, this case study describes the solar farm, and it goes on to examine the economic aspects of electricity production, its associated costs, and relevant grants and financial subsidies. Finally, problems related to the administration of the project and the issuing of permits by local and regional authorities are discussed.</subfield>
</datafield>
<datafield tag="024" ind2=" " ind1="8">
<subfield code="a">1364-0321</subfield>
</datafield>
<datafield tag="024" ind2=" " ind1="8">
<subfield code="a">http://hdl.handle.net/10259/4754</subfield>
</datafield>
<datafield tag="024" ind2=" " ind1="8">
<subfield code="a">10.1016/j.rser.2009.12.010</subfield>
</datafield>
<datafield ind1=" " ind2=" " tag="653">
<subfield code="a">PV grid-connected systems</subfield>
</datafield>
<datafield ind1=" " ind2=" " tag="653">
<subfield code="a">PV production</subfield>
</datafield>
<datafield ind1=" " ind2=" " tag="653">
<subfield code="a">PV support</subfield>
</datafield>
<datafield ind1=" " ind2=" " tag="653">
<subfield code="a">Administrative process</subfield>
</datafield>
<datafield tag="245" ind1="0" ind2="0">
<subfield code="a">Implementation of PV plants in Spain: a case study</subfield>
</datafield>
</record></metadata></record></GetRecord></OAI-PMH>